000
002500000a22000970004500
100
1
_a
Reesor, Larry
245
1
0
_a
The local church's role in mission
300
_a
Vol.22, núm.3 (June, 2000), Páginas 45-47
773
0
_t
Mission Frontiers
942
_c
ANA
999
_c
60370
_d
60370